000 00621nam a2200181 i 4500
001 65344
003 ES-MaACL
005 20240221063027.0
007 t|
008 040112s1947 sp ||||1| spa d
100 1 _aFranco Bahamonde, Francisco,
_d1892-1975
_952240
245 1 0 _aColección de proclamas y arengas del Excelentísimo Señor General Don Francisco Franco /
_cpor José Emilio Díez.
260 _aSevilla :
_b[s.n.,
_c1947] (
_fM. Carmona)
300 _a264 p. :
_bret. aut. ;
_c22 cm.
700 1 _aDíez, José Emilio.
_944653
852 _aES-MaACL
_jC-5402
_bR.25693
999 _c65344
_d65344